Un enfoque esotérico de la antroposofía (Record no. 21820)

MARC details
000 -LEADER
campo de control de longitud fija 00528nam a2200181 i 4500
001 - NÚMERO DE CONTROL
campo de control 21820
003 - IDENTIFICADOR DE NÚMERO DE CONTROL
campo de control ES-MaACL
005 - FECHA Y HORA DE LA ÚLTIMA TRANSACCIÓN
campo de control 20230906152542.0
007 - CAMPO FIJO DE DESCRIPCIÓN FÍSICA--INFORMACIÓN GENERAL
campo de control de longitud fija t|
008 - DATOS DE LONGITUD FIJA--INFORMACIÓN GENERAL
campo de control de longitud fija 021128s1978 sp ||||1| spa d
100 1# - ENTRADA PRINCIPAL--NOMBRE DE PERSONA
Nombre de persona Aiste, Sandra.
9 (RLIN) 18998
245 13 - MENCIÓN DEL TÍTULO
Título Un enfoque esotérico de la antroposofía
Resto del título : la ciencia espiritua /
Mención de responsabilidad, etc. Sandra Aiste.
260 ## - PUBLICACIÓN, DISTRIBUCIÓN, ETC.
Lugar de publicación, distribución, etc. Madrid :
Nombre del editor, distribuidor, etc. Rudolf Steiner,
Fecha de publicación, distribución, etc. [1978]
300 ## - DESCRIPCIÓN FÍSICA
Extensión 255 p. ;
Dimensiones 21 cm.
505 8# - NOTA DE CONTENIDO CON FORMATO
Nota de contenido con formato Contiene: V. I
650 #4 - PUNTO DE ACCESO ADICIONAL DE MATERIA--TÉRMINO DE MATERIA
Término de materia o nombre geográfico como elemento de entrada Antroposofía.
9 (RLIN) 153357
852 ## - LOCALIZACIÓN
Ubicación ES-MaACL
Número de control de estantería A-8874
Sublocalización o colección R.97518
Holdings
Estatus retirado Estado de pérdida Estado de daño No para préstamo Biblioteca de origen Biblioteca actual Ubicación en estantería Fecha de adquisición Fuente de adquisición Total de préstamos Signatura topográfica completa Código de barras Visto por última vez Precio de reemplazo Tipo de ítem Koha
        Biblioteca del Ateneo de Madrid Biblioteca del Ateneo de Madrid Depósito 1 17/01/2008     A-8874 1022427 23/02/2023 23/02/2023 Libro impreso